Vitaminas como biocatalizadores (Registro nro. 112185)

Detalles MARC
000 -LEADER
campo de control de longitud fija 00648nam a2200193 4500
001 - NÚMERO DE CONTROL
campo de control 112185
003 - IDENTIFICADOR DE NÚMERO DE CONTROL
campo de control ES-MaACL
005 - FECHA Y HORA DE LA ÚLTIMA TRANSACCIÓN
campo de control 20251122063120.0
007 - CAMPO FIJO DE DESCRIPCIÓN FÍSICA--INFORMACIÓN GENERAL
campo de control de longitud fija t|
008 - DATOS DE LONGITUD FIJA--INFORMACIÓN GENERAL
campo de control de longitud fija 061121s1939 sp r ||||1| spa d
100 1# - ENTRADA PRINCIPAL--NOMBRE DE PERSONA
Nombre de persona Ortega, Miguel,
Fechas asociadas al nombre 1911-2006
9 (RLIN) 87423
245 10 - MENCIÓN DEL TÍTULO
Título Vitaminas como biocatalizadores
Resto del título : función-clínica terapeútica /
Mención de responsabilidad, etc. Miguel Ortega.
260 ## - PUBLICACIÓN, DISTRIBUCIÓN, ETC.
Lugar de publicación, distribución, etc. Madrid :
Nombre del editor, distribuidor, etc. [s.n.],
Fecha de publicación, distribución, etc. 1939 (
Fabricante Imp. Galo Sèz)
300 ## - DESCRIPCIÓN FÍSICA
Extensión 385 p. ;
Dimensiones 19 cm.
490 1# - MENCIÓN DE SERIE
Mención de serie Biblioteca `nuevos hechos. nuevas ideas`
830 0# - PUNTO DE ACCESO ADICIONAL DE SERIE-TÍTULO UNIFORME
Título uniforme Biblioteca `nuevos hechos. nuevas ideas`
9 (RLIN) 233110
852 ## - LOCALIZACIÓN
Ubicación ES-MaACL
Número de control de estantería A-5135
Sublocalización o colección R.18125
Existencias
Estatus retirado Estado de pérdida Estado de daño No para préstamo Biblioteca de origen Biblioteca actual Ubicación en estantería Fecha de adquisición Fuente de adquisición Total de préstamos Signatura topográfica completa Código de barras Visto por última vez Precio de reemplazo Tipo de ítem Koha
        Biblioteca del Ateneo de Madrid Biblioteca del Ateneo de Madrid Sala Pecera Planta 1 17/01/2008     A-5135 1117026 23/02/2023 23/02/2023 Libro impreso